000 00587nam a22001817a 4500
999 _c181770
_d181770
005 20211101161735.0
010 _aEN230921
020 _a9789354420412
_c295.00
037 _bOrient Blackswan
100 _aBose, Subhas Chandra
245 _aChalo Delhi:
_bwritings and speeches 1943-1945 /
_cby Subhas Chandra Bose ; edited by Sisir K. Bose [and] Sugata Bose
260 _aHyderabad
_bOrient Blackswan
_c2021
270 _a3-6-752, Himayatnagar
_bHyderabad
_e500029
300 _axx, 450p.
_c22cm(pbk)
700 _aBose, Sisir K.
700 _aBose, Sugata
942 _2ddc
_cEN
_mBOS